000 00402nam a2200133Ia 4500
008 171212s9999 xx 000 0 und d
020 _a9780745399348
100 _aKurt, Mehmet
245 _cKurt, Mehmet
_aKurdish Hizbullah in Turkey
_bIslamism, Violence and the State
260 _bPluto Books
_c2017
440 _aState Crime
650 _aSociology
856 _uhttp://jstor.org/stable/j.ctt1mtz7vw
999 _c351614
_d351614